Countries with the Shortest Names - Statistics

General Stats
  • This quiz has been taken 383 times
  • The average score is 28 of 34
Answer Stats
Countries % Correct
Oman
92%
Iran
91%
Iraq
91%
Chad
88%
Fiji
88%
Cuba
87%
Laos
87%
Mali
86%
Peru
86%
Togo
86%
Yemen
86%
Italy
85%
Japan
85%
Spain
85%
Tonga
84%
Benin
83%
Egypt
83%
China
82%
Chile
80%
Qatar
80%
Samoa
80%
Haiti
79%
Nepal
79%
Palau
79%
Nauru
78%
Syria
78%
Ghana
76%
India
76%
Kenya
76%
Libya
76%
Sudan
76%
Gabon
74%
Niger
73%
Malta
68%
No matching quizzes found
Score Distribution
Percent of People with Each Score
Percentile by Number Answered
Your Score History
You have not taken this quiz